000 00378nam a22001457a 4500
003 OSt
005 20251021081319.0
008 251021b |||||||| |||| 00| 0 eng d
040 _cUNITED NATIONS CHILDREN'S FUND
050 _aPZ 7 .M33 1996
245 _aSARA
_bZAWADI MAALUM
_cUNICEF
250 _a1ST EDITION
260 _aNAIROBI,KENYA
_bUNICEF-ESARO
_c1996
942 _2lcc
_cBK
_n0
999 _c9656
_d9656